000 00522nam a2200181Ia 4500
003 GCL
008 140319s9999 xx 000 0 ara d
040 _aGCL /
_cGCL
082 0 4 _a813.03
_bب ش
100 1 _aبهاء طاهر
245 1 0 _aشرق النخيل ( لو نحوت معا ): قصة طويلة /
_cبهاء طاهر
260 _a[S.N] :
_bدار المستقبل العربى ،
_c1985
300 _a104 ص
490 _a
650 0 4 _aالادب العربى
650 0 4 _aالقصص
942 _2ddc
_cBK
999 _c36154
_d36154